| 000 | 00413nam a2200145Ia 4500 | ||
|---|---|---|---|
| 008 | 230312s9999||||xx |||||||||||||| ||und|| | ||
| 020 | _a9781259563652 | ||
| 082 |
_a004 _bOLE-C |
||
| 100 | _aBiagi,Shirley | ||
| 245 | 0 | _aMedia/Impact An Introduction To Mass Media Media/impact : an introduction to mass media | |
| 260 |
_bMcgraw Hill _aUSA _c2017 |
||
| 300 | _a407 | ||
| 650 |
_aComputer _vComputers |
||
| 942 | _cBK | ||
| 999 |
_c17598 _d17598 |
||